00357pab a2200133 454500008004000000100001900040245006100059260000900120300001300129362001100142650002600153650001000179773003400189180718b2011 xxu||||| |||| 00| 0 eng d aIzurieta, Alex aInstability in the US: It is not debt but the lack of it c2011 ap.34-38. a20 Aug aDebts - United States aDebts aEconomic and Political Weekly